[Event "Dortmund-ch"]
[Site "Dortmund"]
[Date "2005.03.17"]
[Round "9"]
[White "Mueller, Siegfried"]
[Black "Riemann, Kai"]
[Result "1/2-1/2"]
[WhiteElo "1434"]
[BlackElo "1593"]
[PlyCount "37"]
[EventDate "2005.02.28"]
[EventType "swiss"]
[EventRounds "9"]
[EventCountry "GER"]
[SourceTitle "CBM 105 Extra"]
[Source "ChessBase"]
[SourceDate "2005.05.01"]
[SourceVersion "1"]
[SourceVersionDate "2005.05.01"]
[SourceQuality "1"]

1. Nf3 d5 2. d4 Nf6 3. c4 c6 4. Nc3 g6 5. Bg5 Nbd7 6. cxd5 cxd5 7. e3 a6 8. a4 Bg7 9. Bd3 0-0 10. 0-0 Re8 11. Qc2 b6 12. h3 Bb7 13. Bf4 Rc8 14. Qb3 e6 15. Rfc1 Rc6 16. Ne2 Qa8 17. Rxc6 Bxc6 18. Rc1 Rc8 19. Bh2 1/2-1/2

[Event "Dortmund-ch"]
[Site "Dortmund"]
[Date "2005.03.15"]
[Round "8"]
[White "Grube, Joerg"]
[Black "Riemann, Kai"]
[Result "1-0"]
[WhiteElo "1819"]
[BlackElo "1593"]
[PlyCount "153"]
[EventDate "2005.02.28"]
[EventType "swiss"]
[EventRounds "9"]
[EventCountry "GER"]
[SourceTitle "CBM 105 Extra"]
[Source "ChessBase"]
[SourceDate "2005.05.01"]
[SourceVersion "1"]
[SourceVersionDate "2005.05.01"]
[SourceQuality "1"]

1. e4 d6 2. d4 Nf6 3. Nc3 g6 4. f3 Bg7 5. Be3 a6 6. h4 h5 7. Qd2 b5 8. Nh3 Bxh3 9. Rxh3 Nbd7 10. Be2 c5 11. d5 b4 12. Nd1 Qc8 13. Kf1 Rb8 14. Nf2 a5 15. Rd1 Ng8 16. b3 Ne5 17. Rg3 c4 18. f4 cxb3 19. cxb3 Nd7 20. Bd4 Bxd4 21. Qxd4 Ngf6 22. e5 dxe5 23. fxe5 Nh7 24. e6 Ndf6 25. exf7+ Kxf7 26. Bd3 Rg8 27. d6 Qd7 28. Bc4+ e6 29. Nd3 Ke8 30. Ne5 Qg7 31. Bxe6 Rf8 32. d7+ Nxd7+ 33. Kg1 Nxe5 34. Bd7+ Qxd7 35. Qxe5+ Qe7 36. Qxb8+ Kf7 37. Rf3+ Nf6 38. Qb5 Qa7+ 39. Kh1 Kg8 40. Rd6 Qe7 41. Qc4+ Kg7 42. Qd4 Rf7 43. Rf4 Qe1+ 44. Kh2 Qc3 45. Qxc3 bxc3 46. Rc4 Ng4+ 47. Kh3 Nf2+ 48. Kg3 c2 49. Rdc6 Nd3 50. Rxc2 Nb4 51. Rc7 Nxc2 52. Rxc2 Rf5 53. Rf2 Rd5 54. a4 Rd4 55. Rf3 Rb4 56. Kh3 Re4 57. g3 Rd4 58. Kg2 Rd2+ 59. Kf1 Rc2 60. Ke1 Kh6 61. Kd1 Rg2 62. Rd3 Rf2 63. Rd5 Rf3 64. Rxa5 Rxb3 65. Rg5 Ra3 66. a5 Kg7 67. Kc2 Kf7 68. Kb2 Re3 69. a6 Re7 70. Kc3 Re8 71. Kb4 Ra8 72. Kb5 Rb8+ 73. Kc6 Re8 74. Rd5 Kf6 75. a7 Rc8+ 76. Kb7 Re8 77. a8Q 1-0

[Event "Dortmund-ch"]
[Site "Dortmund"]
[Date "2005.03.08"]
[Round "5"]
[White "Riemann, Kai"]
[Black "Gennat, Egon Leopold"]
[Result "1-0"]
[WhiteElo "1593"]
[BlackElo "1287"]
[PlyCount "61"]
[EventDate "2005.02.28"]
[EventType "swiss"]
[EventRounds "9"]
[EventCountry "GER"]
[SourceTitle "CBM 105 Extra"]
[Source "ChessBase"]
[SourceDate "2005.05.01"]
[SourceVersion "1"]
[SourceVersionDate "2005.05.01"]
[SourceQuality "1"]

1. Nf3 d5 2. g3 Nf6 3. d3 e6 4. Bg2 Be7 5. Nbd2 0-0 6. 0-0 Bd7 7. a3 c5 8. c4 Bc6 9. Rb1 Nbd7 10. b4 b6 11. b5 Bb7 12. Bb2 d4 13. Qc2 Qc7 14. Rfe1 Rab8 15. e3 e5 16. exd4 cxd4 17. Bxd4 Bd6 18. Bb2 Rfe8 19. Ng5 Nf8 20. Rbd1 Bxg2 21. Kxg2 Ng6 22. Nge4 Qb7 23. f3 Nxe4 24. Nxe4 Bc7 25. d4 f5 26. Nf2 e4 27. fxe4 fxe4 28. Nxe4 Bd8 29. d5 Qf7 30. Nd6 Nf4+ 31. gxf4 1-0

[Event "Dortmund-ch"]
[Site "Dortmund"]
[Date "2005.03.03"]
[Round "3"]
[White "Riemann, Kai"]
[Black "Starp, Klaus"]
[Result "0-1"]
[WhiteElo "1593"]
[BlackElo "1912"]
[PlyCount "92"]
[EventDate "2005.02.28"]
[EventType "swiss"]
[EventRounds "9"]
[EventCountry "GER"]
[SourceTitle "CBM 105 Extra"]
[Source "ChessBase"]
[SourceDate "2005.05.01"]
[SourceVersion "1"]
[SourceVersionDate "2005.05.01"]
[SourceQuality "1"]

1. Nf3 c5 2. g3 d5 3. d3 Nc6 4. Bg2 e5 5. a3 Nf6 6. 0-0 Be7 7. Nbd2 0-0 8. c4 d4 9. b3 h6 10. Qc2 Bf5 11. Bb2 Qd7 12. Rad1 Rad8 13. Ne4 Nxe4 14. dxe4 Bh7 15. Qd3 f5 16. Nd2 f4 17. Nf3 a5 18. Rfe1 Qe6 19. h4 g5 20. hxg5 hxg5 21. Nh2 Kg7 22. gxf4 gxf4 23. Qf3 Rg8 24. Qh5 Bg6 25. Qg4 Qxg4 26. Nxg4 Bh5 27. Bh3 Kf7 28. f3 Rg6 29. Kg2 Rh8 30. Rh1 Nd8 31. Rhg1 Ne6 32. Kf1 Bd6 33. Kf2 Ng5 34. Rh1 Nxe4+ 35. fxe4 Bxg4 36. Bg2 Rhg8 37. Rh7+ R6g7 38. Rdh1 Bxe2 39. Rxg7+ Rxg7 40. Rh6 Ke7 41. Bh3 Bg4 42. Bxg4 Rxg4 43. Rh7+ Ke6 44. Rxb7 Rg3 45. Rb5 Rd3 46. Bc1 Rd1 0-1

[Event "Dortmund ABC Besserkoenner 18th"]
[Site "Dortmund"]
[Date "2002.11.15"]
[Round "8"]
[White "Voeller, Lothar"]
[Black "Riemann, Kai"]
[Result "1-0"]
[WhiteElo "1667"]
[BlackElo "1579"]
[PlyCount "105"]
[EventDate "2002.10.11"]
[EventType "tourn"]
[EventRounds "11"]
[EventCountry "GER"]
[SourceTitle "EXT 2004"]
[Source "ChessBase"]
[SourceDate "2003.11.25"]
[SourceVersion "1"]
[SourceVersionDate "2003.11.25"]
[SourceQuality "1"]

1. e4 d6 2. d4 Nf6 3. Nc3 g6 4. Nf3 Bg7 5. Be2 Nbd7 6. 0-0 0-0 7. h3 e5 8. Be3 a6 9. Qd2 Re8 10. d5 b5 11. a3 Bb7 12. Nh2 c6 13. dxc6 Bxc6 14. Bg5 Qc7 15. f3 Nb6 16. Ng4 Nh5 17. Kh2 Bd7 18. Rad1 d5 19. Nxd5 Nxd5 20. Qxd5 Be6 21. Qd2 f5 22. Nf2 f4 23. Ng4 Kf7 24. Bd3 Rh8 25. Bh4 h6 26. Be1 g5 27. Qc3 Qb8 28. b4 Bf6 29. Bf2 Ng7 30. Qc6 h5 31. Nxf6 Kxf6 32. Qb6 Qxb6 33. Bxb6 g4 34. fxg4 hxg4 35. Be2 gxh3 36. g3 Kg5 37. gxf4+ exf4 38. Rg1+ Kh6 39. Rd6 Kh7 40. Rxg7+ Kxg7 41. Rxe6 Kf7 42. Re5 Rag8 43. Rf5+ Ke6 44. Bf3 Rc8 45. Bc5 Rh4 46. c3 Rd8 47. Bd4 Rd7 48. Rf6+ Ke7 49. Rxa6 Ke8 50. a4 bxa4 51. Rxa4 Rd6 52. Ra5 Rg6 53. Bh5 1-0

[Event "Dortmund ABC Besserkoenner 18th"]
[Site "Dortmund"]
[Date "2002.10.30"]
[Round "5"]
[White "Riemann, Kai"]
[Black "Michalicek, Roland"]
[Result "0-1"]
[WhiteElo "1579"]
[BlackElo "1694"]
[PlyCount "48"]
[EventDate "2002.10.11"]
[EventType "tourn"]
[EventRounds "11"]
[EventCountry "GER"]
[SourceTitle "EXT 2004"]
[Source "ChessBase"]
[SourceDate "2003.11.25"]
[SourceVersion "1"]
[SourceVersionDate "2003.11.25"]
[SourceQuality "1"]

1. Nf3 d5 2. g3 Nf6 3. d3 Nbd7 4. Bg2 e5 5. Nbd2 Bc5 6. a3 0-0 7. 0-0 Re8 8. c4 e4 9. dxe4 dxe4 10. Ng5 e3 11. Nde4 exf2+ 12. Nxf2 Ng4 13. Nge4 Nxf2 14. Nxf2 Qf6 15. Qc2 Nb6 16. e3 Bf5 17. Be4 Bg6 18. Bxg6 Qxg6 19. Qe2 Qe6 20. Qf3 c6 21. b4 Bxe3 22. Bb2 Nxc4 23. Bc3 Nd2 24. Bxd2 Bxd2 0-1